[Event "Berlin Lichtenberger op 10th"]
[Site "Berlin"]
[Date "2011.08.14"]
[Round "2"]
[White "Lange, Rudolf"]
[Black "Toth, Hans Juergen"]
[Result "1/2-1/2"]
[WhiteElo "1830"]
[BlackElo "1641"]
[PlyCount "43"]
[EventDate "2011.08.13"]
[EventType "swiss"]
[EventRounds "9"]
[EventCountry "GER"]
[SourceTitle "CBM 143 Extra"]
[Source "ChessBase"]
[SourceDate "2011.08.29"]
[SourceVersion "1"]
[SourceVersionDate "2011.08.29"]
[SourceQuality "1"]

1. e4 e6 2. b3 d5 3. Bb2 Nf6 4. e5 Nfd7 5. Qg4 Nc6 6. f4 h5 7. Qg3 Ne7 8. Nf3 Nf5 9. Qh3 g6 10. g4 Ng7 11. d4 c5 12. Bd3 cxd4 13. Nxd4 Nc5 14. Be2 Ne4 15. Nd2 Nxd2 16. Kxd2 Bd7 17. Rhf1 Rc8 18. c3 Bc5 19. Nf3 Qb6 20. Ng5 Be7 21. Rf3 Bb5 22. Re1 1/2-1/2

[Event "Berlin Lichtenberger op 10th"]
[Site "Berlin"]
[Date "2011.08.13"]
[Round "1"]
[White "Lerch, Philipp"]
[Black "Lange, Rudolf"]
[Result "1-0"]
[WhiteElo "2078"]
[BlackElo "1830"]
[PlyCount "45"]
[EventDate "2011.08.13"]
[EventType "swiss"]
[EventRounds "9"]
[EventCountry "GER"]
[SourceTitle "CBM 143 Extra"]
[Source "ChessBase"]
[SourceDate "2011.08.29"]
[SourceVersion "1"]
[SourceVersionDate "2011.08.29"]
[SourceQuality "1"]

1. e4 c5 2. Nf3 Nc6 3. Bb5 e6 4. c3 Nge7 5. 0-0 a6 6. Ba4 g6 7. d4 cxd4 8. cxd4 Bg7 9. d5 Ne5 10. Nxe5 Bxe5 11. Nc3 Qc7 12. Bh6 Bxh2+ 13. Kh1 Bf4 14. Bxf4 Qxf4 15. d6 Nc6 16. Bxc6 dxc6 17. g3 Qf6 18. Na4 Qe5 19. Nb6 Bd7 20. Nxa8 Qxe4+ 21. Kg1 h5 22. Re1 Qf5 23. Qd4 1-0

[Event "Berlin Lichtenberger op 9th"]
[Site "Berlin"]
[Date "2010.08.10"]
[Round "4"]
[White "Sabrowski, Uwe"]
[Black "Lange, Rudolf"]
[Result "1-0"]
[WhiteElo "2080"]
[BlackElo "1790"]
[PlyCount "93"]
[EventDate "2010.08.07"]
[EventType "swiss"]
[EventRounds "9"]
[EventCountry "GER"]
[SourceTitle "CBM 137 Extra"]
[Source "ChessBase"]
[SourceDate "2010.09.01"]
[SourceVersion "1"]
[SourceVersionDate "2010.09.01"]
[SourceQuality "1"]

1. d4 d5 2. c4 c6 3. Nf3 Nf6 4. Nc3 e6 5. cxd5 exd5 6. Bg5 Bf5 7. e3 Nbd7 8. Bd3 Bxd3 9. Qxd3 Bd6 10. 0-0 0-0 11. Rab1 h6 12. Bh4 Re8 13. b4 b5 14. Rfc1 Nb6 15. e4 g5 16. e5 gxh4 17. exd6 Qxd6 18. Nxh4 Ne4 19. Qh3 Qf4 20. Nxe4 Rxe4 21. Nf5 Re6 22. Rxc6 Rxc6 23. Ne7+ Kg7 24. Nxc6 Rc8 25. g3 Qe4 26. Rc1 Rc7 27. Qf1 Nc4 28. Re1 Nd2 29. Rxe4 Nxf1 30. Rg4+ Kf8 31. Ne5 Rc1 32. Kg2 Nd2 33. Rf4 Rc7 34. Ng4 Rc6 35. Ne3 Ra6 36. Nxd5 Rxa2 37. Nc7 a5 38. d5 Ke7 39. Nxb5 a4 40. d6+ Ke6 41. Rd4 Kd7 42. Nc3 Nb3 43. Rf4 Ra1 44. Rxf7+ Kxd6 45. Ra7 Rc1 46. Nxa4 Ra1 47. Ra6+ 1-0

[Event "Berlin Lichtenberger op 9th"]
[Site "Berlin"]
[Date "2010.08.07"]
[Round "1"]
[White "Lange, Rudolf"]
[Black "Hahlbohm, Matthias"]
[Result "0-1"]
[WhiteElo "1790"]
[BlackElo "2095"]
[PlyCount "110"]
[EventDate "2010.08.07"]
[EventType "swiss"]
[EventRounds "9"]
[EventCountry "GER"]
[SourceTitle "CBM 137 Extra"]
[Source "ChessBase"]
[SourceDate "2010.09.01"]
[SourceVersion "1"]
[SourceVersionDate "2010.09.01"]
[SourceQuality "1"]

1. e4 e6 2. b3 d5 3. Bb2 dxe4 4. Nc3 Nf6 5. Qe2 Be7 6. Nxe4 Nxe4 7. Qxe4 Bf6 8. Bxf6 Qxf6 9. c3 0-0 10. Bd3 g6 11. Nf3 Rd8 12. Bc2 c5 13. h4 Nc6 14. h5 e5 15. hxg6 hxg6 16. 0-0-0 Bf5 17. Qh4 Qxh4 18. Rxh4 Bxc2 19. Kxc2 Kg7 20. Rdh1 b5 21. Ng5 Rd5 22. Rh7+ Kf6 23. Ne4+ Ke7 24. Ng5 Rf8 25. R1h6 Kf6 26. Ne4+ Kf5 27. d3 c4 28. Ng3+ Ke6 29. dxc4 bxc4 30. b4 a5 31. a3 axb4 32. axb4 Ra8 33. Ne4 Ra2+ 34. Kb1 Re2 35. Nc5+ Ke7 36. Kc1 Rd6 37. Rh1 Rd8 38. Rh8 Rxf2 39. b5 Rxh8 40. Rxh8 Nd8 41. b6 Rf6 42. b7 Rb6 43. Rh4 Nxb7 44. Nxb7 Rxb7 45. Rxc4 Kd6 46. Kd1 f5 47. Ra4 Kd5 48. g4 f4 49. Ra6 Rc7 50. Rxg6 Rxc3 51. Rg8 Rg3 52. g5 Ke4 53. g6 Ke3 54. g7 Rg1+ 55. Kc2 f3 0-1

[Event "Berlin-ch Class-C"]
[Site "Berlin"]
[Date "2010.05.13"]
[Round "2"]
[White "Struk, Thaddaeus"]
[Black "Lange, Rudolf"]
[Result "1/2-1/2"]
[WhiteElo "1386"]
[BlackElo "1671"]
[PlyCount "49"]
[EventDate "2010.05.12"]
[EventType "tourn"]
[EventRounds "7"]
[EventCountry "GER"]
[SourceTitle "EXT 2012"]
[Source "ChessBase"]
[SourceDate "2011.11.24"]
[SourceVersion "1"]
[SourceVersionDate "2011.11.24"]
[SourceQuality "1"]

1. e4 c5 2. f4 d5 3. exd5 Qxd5 4. Nc3 Qd8 5. Nf3 Nf6 6. d4 e6 7. h3 cxd4 8. Bb5+ Bd7 9. Qxd4 Nc6 10. Qf2 Bb4 11. Bd2 a6 12. Bd3 Qc7 13. Nd4 Nxd4 14. Qxd4 Bc5 15. Qe5 Qb6 16. 0-0-0 Bd4 17. Qg5 Nd5 18. Rde1 0-0 19. f5 Rac8 20. fxe6 fxe6 21. Rhf1 Rxf1 22. Rxf1 Rxc3 23. Bxh7+ Kxh7 24. Qh5+ Kg8 25. Qf7+ 1/2-1/2